The HANDBOOK of individual therapy
Furkejuvvon:
| Materiálatiipa: | Girji |
|---|---|
| Giella: | eaŋgalasgiella |
| Almmustuhtton: |
Sage
2014
|
| Fáddágilkorat: |
Lasit fáddágilkoriid
Eai fáddágilkorat, Lasit vuosttaš fáddágilkora!
|
MARC
| LEADER | 00000nam a22000007a 4500 | ||
|---|---|---|---|
| 008 | 210122b ||||| |||| 00| 0 eng d | ||
| 020 | |a 978-1-4462-0137-4 | ||
| 245 | |a The HANDBOOK of individual therapy |c Windy Dryden and Andrew Reeves |g xx, 648p.: ill. | ||
| 250 | |b 6th ed. |c Windy Dryden and Andrew Reeves | ||
| 260 | |b Sage |c 2014 |h Los Angeles: |i 692852 |i 692853 |l RC480 .H19 |m Psychotherapy – Handbooks, manuals, etc. | ||
| 500 | |a “It includes references and index.” | ||
| 942 | |a lcc |c BK |e Adeniran, F. A |f 22/01/2021 | ||
| 952 | |0 0 |1 0 |2 lcc |4 0 |6 RC0480 H19 |7 0 |9 1504 |a HOL |b SSL |c GJ |d 2021-01-22 |l 0 |o RC480 .H19 |p 2021-0301 |r 2021-01-22 00:00:00 |w 2021-01-22 |y BK | ||
| 952 | |0 0 |1 0 |2 lcc |4 0 |6 RC0480 H19 |7 0 |9 1505 |a HOL |b HOL |c GJ |d 2021-01-22 |l 0 |o RC480 .H19 |p 2021-0302 |r 2021-01-22 00:00:00 |w 2021-01-22 |y BK | ||
| 999 | |c 789 |d 789 | ||